| 000 | 00541nam a2200193 4500 | ||
|---|---|---|---|
| 003 | LK-CoMWRAF | ||
| 005 | 20231201111204.0 | ||
| 008 | 230906b2008 |||||||| |||| 00| 0 eng d | ||
| 020 | _a9789559572671 | ||
| 040 |
_aLK-CoMWRAF _dLK-CoMWRAF _eLK-CoMWRAF |
||
| 041 | _asin | ||
| 082 |
_a891.483 _bRAN |
||
| 100 | _aරණවීර, ඊවා | ||
| 245 | _aදීප්ත | ||
| 246 | _aDeeptha | ||
| 260 |
_aනාරාහේන්පිට : _bකාන්තා හඬ, _c2008 |
||
| 650 | _aසිංහල නවකතා | ||
| 942 | _cBK | ||
| 999 |
_c3447 _d3447 |
||